Welcome to CU Library Online Public Access Catalogue (OPAC)

Indoor radon and its hazards / (Record no. 3031)

MARC details
000 -LEADER
fixed length control field 01196cam a2200313 a 4500
001 - CONTROL NUMBER
control field 1477576
005 - DATE AND TIME OF LATEST TRANSACTION
control field 20250124134020.0
008 - FIXED-LENGTH DATA ELEMENTS--GENERAL INFORMATION
fixed length control field 870622s1987 waua b s001 0 eng c
020 ## - INTERNATIONAL STANDARD BOOK NUMBER
International Standard Book Number 0295965169
020 ## - INTERNATIONAL STANDARD BOOK NUMBER
International Standard Book Number 0295965177 (pbk.)
050 00 - LIBRARY OF CONGRESS CALL NUMBER
Classification number RA1247.R33
Item number I53 1987
082 00 - DEWEY DECIMAL CLASSIFICATION NUMBER
Classification number 363.7/392
Edition information 19
245 00 - TITLE STATEMENT
Title Indoor radon and its hazards /
Statement of responsibility, etc. editors: David Bodansky, Maurice A. Robkin, David R. Stadler ; contributing authors: David Bodansky ... [et al.].
260 ## - PUBLICATION, DISTRIBUTION, ETC.
Place of publication, distribution, etc. Seattle :
Name of publisher, distributor, etc. University of Washington Press,
Date of publication, distribution, etc. c1987.
300 ## - PHYSICAL DESCRIPTION
Extent ix, 147 p. :
Other physical details ill. ;
Dimensions 25 cm.
500 ## - GENERAL NOTE
General note Revision of a report issued by the University of Washington's Environmental Radiation Studies Committee.
650 #0 - SUBJECT ADDED ENTRY--TOPICAL TERM
Topical term or geographic name entry element Radon
General subdivision Toxicology.
650 #0 - SUBJECT ADDED ENTRY--TOPICAL TERM
Topical term or geographic name entry element Indoor air pollution
General subdivision Health aspects.
650 #0 - SUBJECT ADDED ENTRY--TOPICAL TERM
Topical term or geographic name entry element Radon
General subdivision Environmental aspects.
650 #0 - SUBJECT ADDED ENTRY--TOPICAL TERM
Topical term or geographic name entry element Carcinogenesis.
650 #2 - SUBJECT ADDED ENTRY--TOPICAL TERM
Topical term or geographic name entry element Environmental Pollutants
General subdivision adverse effects.
650 #2 - SUBJECT ADDED ENTRY--TOPICAL TERM
Topical term or geographic name entry element Lung Neoplasms
General subdivision etiology.
650 #2 - SUBJECT ADDED ENTRY--TOPICAL TERM
Topical term or geographic name entry element Radon
General subdivision adverse effects.
700 1# - ADDED ENTRY--PERSONAL NAME
Personal name Bodansky, David.
700 1# - ADDED ENTRY--PERSONAL NAME
Personal name Robkin, M. A.
700 1# - ADDED ENTRY--PERSONAL NAME
Personal name Stadler, David R.
710 2# - ADDED ENTRY--CORPORATE NAME
Corporate name or jurisdiction name as entry element University of Washington.
Subordinate unit Environmental Radiation Studies Committee.
942 ## - ADDED ENTRY ELEMENTS (KOHA)
Source of classification or shelving scheme Library of Congress Classification
Koha item type Books
Suppress in OPAC No
999 ## -
-- 3031
-- 3031
Holdings
Withdrawn status Lost status Source of classification or shelving scheme Damaged status Not for loan Collection Home library Current library Shelving location Date acquired Total checkouts Full call number Barcode Date last seen Copy number Price effective from Koha item type
    Library of Congress Classification     Non-fiction Science Library (Miotso) Science Library (Miotso) General stacks 01/24/2025   RA1247 .R33 IND SLM00002420 01/24/2025 1 01/24/2025 Books
    Library of Congress Classification     Non-fiction Science Library (Miotso) Science Library (Miotso) General stacks 01/24/2025   RA1247 .R33 IND SLM00002421 01/24/2025 2 01/24/2025 Books
    Library of Congress Classification     Non-fiction Science Library (Miotso) Science Library (Miotso) General stacks 01/24/2025   RA1247 .R33 IND SLM00002422 01/24/2025 3 01/24/2025 Books
    Library of Congress Classification     Non-fiction Science Library (Miotso) Science Library (Miotso) General stacks 01/24/2025   RA1247 .R33 IND SLM00002423 01/24/2025 4 01/24/2025 Books
    Library of Congress Classification     Non-fiction Science Library (Miotso) Science Library (Miotso) General stacks 01/24/2025   RA1247 .R33 IND SLM00002424 01/24/2025 5 01/24/2025 Books
    Library of Congress Classification     Non-fiction Science Library (Miotso) Science Library (Miotso) General stacks 01/24/2025   RA1247 .R33 IND SLM00002425 01/24/2025 6 01/24/2025 Books
    Library of Congress Classification     Non-fiction Science Library (Miotso) Science Library (Miotso) General stacks 01/24/2025   RA1247 .R33 IND SLM00002426 01/24/2025 7 01/24/2025 Books
    Library of Congress Classification     Non-fiction Science Library (Miotso) Science Library (Miotso) General stacks 01/24/2025   RA1247 .R33 IND SLM00002427 01/24/2025 8 01/24/2025 Books
    Library of Congress Classification     Non-fiction Science Library (Miotso) Science Library (Miotso) General stacks 01/24/2025   RA1247 .R33 IND SLM00002428 01/24/2025 9 01/24/2025 Books
    Library of Congress Classification     Non-fiction Science Library (Miotso) Science Library (Miotso) General stacks 01/24/2025   RA1247 .R33 IND SLM00002429 01/24/2025 10 01/24/2025 Books
© 2023-2024 Copyright: Central University Libraries. All Rights Reserved | Created by: Mahone Tech Office